ARRUPE JESUIT UNIVERSITY

CORONAVIRUS -STOP THE SPREAD - CLEAN,DISINFECT,COVER

The lost Pharaohs / (Record no. 45583)

MARC details
000 -LEADER
fixed length control field 00375nam a2200169Ia 4500
003 - CONTROL NUMBER IDENTIFIER
control field 0100
005 - DATE AND TIME OF LATEST TRANSACTION
control field 20180129101424.0
008 - FIXED-LENGTH DATA ELEMENTS--GENERAL INFORMATION
fixed length control field 130303s9999 xx 000 0 und d
040 ## - CATALOGING SOURCE
Transcribing agency ARRUPELIB
050 ## - LIBRARY OF CONGRESS CALL NUMBER
Classification number DT60.C651961
300 ## - PHYSICAL DESCRIPTION
Other physical details 16cm.
100 ## - MAIN ENTRY--PERSONAL NAME
Personal name Cottrell, Leonard
9 (RLIN) 28901
245 #4 - TITLE STATEMENT
Title The lost Pharaohs /
260 ## - PUBLICATION, DISTRIBUTION, ETC. (IMPRINT)
Place of publication, distribution, etc London
Name of publisher, distributor, etc Pan Books Limited
Date of publication, distribution, etc 1961
300 ## - PHYSICAL DESCRIPTION
Extent 219p.
650 ## - SUBJECT ADDED ENTRY--TOPICAL TERM
Topical term or geographic name as entry element Egypt
General subdivision Antiquities
9 (RLIN) 24091
942 ## - ADDED ENTRY ELEMENTS (KOHA)
Source of classification or shelving scheme Library of Congress Classification
Koha item type Monograph ( Printed materials)
Holdings
Withdrawn status Lost status Source of classification or shelving scheme Damaged status Not for loan Collection code Home library Current library Shelving location Date acquired Total Checkouts Full call number Barcode Date last seen Date checked out Copy number Price effective from Koha item type
    Library of Congress Classification     Main Collection ARRUPE LIBRARY ARRUPE LIBRARY Main Collection 04/03/2013 2 DT60.C651961 46003033100 05/09/2018 29/08/2018 1 04/03/2013 Monograph ( Printed materials)
    Library of Congress Classification     SPECIAL Collection ARRUPE LIBRARY ARRUPE LIBRARY REFERENCE 09/01/2019   SPC. DT60.C65 1961 46600002784 09/01/2019     09/01/2019 SPC

 

Arrupe Library. PO Box MP320 Mt Pleasant, Harare, Zimbabwe
263 242 745411|librarian@aju.ac.zw